| Tag |
First Indicator |
Second Indicator |
Subfields |
| LEADER |
00000cam a2200000 a 4500 |
| 001 |
in00002781411 |
| 005 |
20220106085106.0 |
| 006 |
m d f |
| 007 |
cr bn||||||||| |
| 008 |
101111s1997 dcua ob f000 0 eng c |
| 019 |
|
|
|a 657468816
|
| 035 |
|
|
|a (OCoLC)ocn680978709
|
| 040 |
|
|
|a OCLCE
|b eng
|c OCLCE
|d OCLCQ
|d GPO
|d MvI
|d UtOrBLW
|
| 042 |
|
|
|a pc
|
| 043 |
|
|
|a n-us---
|
| 049 |
|
|
|a WWW
|
| 074 |
|
|
|a 1042-C (online)
|
| 086 |
0 |
|
|a Y 4.J 89/2:S.HRG.104-811
|
| 088 |
|
|
|a Serial no. J-104-45 (United States. Congress. Senate. Committee on the Judiciary)
|
| 110 |
1 |
|
|a United States.
|b Congress.
|b Senate.
|b Committee on the Judiciary.
|b Subcommittee on Immigration.
|
| 245 |
1 |
0 |
|a Reform of legal immigration :
|b hearing before the Subcommittee on Immigration of the Committee on the Judiciary, United States Senate, One Hundred Fourth Congress, first session ... September 13, 1995.
|
| 264 |
|
1 |
|a Washington :
|b U.S. G.P.O.,
|c 1997.
|
| 300 |
|
|
|a 1 online resource (iv, 128 pages) :
|b illustrations
|
| 336 |
|
|
|a text
|b txt
|2 rdacontent
|
| 337 |
|
|
|a computer
|b c
|2 rdamedia
|
| 338 |
|
|
|a online resource
|b cr
|2 rdacarrier
|
| 490 |
1 |
|
|a S. hrg. ;
|v 104-811
|
| 500 |
|
|
|a Title from title screen (viewed on Sept. 7, 2012).
|
| 504 |
|
|
|a Includes bibliographical references.
|
| 500 |
|
|
|a "Serial number J-104-45."
|
| 500 |
|
|
|a Electronic resource.
|
| 651 |
|
0 |
|a United States
|x Emigration and immigration
|x Government policy.
|
| 650 |
|
0 |
|a Illegal aliens
|z United States.
|
| 650 |
|
0 |
|a Foreign workers
|z United States.
|
| 776 |
0 |
8 |
|i Print version:
|a United States. Congress. Senate. Committee on the Judiciary. Subcommittee on Immigration.
|t Reform of legal immigration
|w (DLC) 97174340
|w (OCoLC)37016320
|
| 810 |
1 |
|
|a United States.
|b Congress.
|b Senate.
|t S. hrg. ;
|v 104-811.
|
| 856 |
4 |
0 |
|u https://purl.fdlp.gov/GPO/gpo27909
|t 0
|
| 999 |
|
|
|a MARS
|
| 999 |
f |
f |
|s 11b293da-bec0-3ffb-91cb-a451974b269a
|i 00fa731d-c287-37cc-886c-0f82cd4911e8
|t 0
|
| 952 |
f |
f |
|a Texas A&M University
|b College Station
|c Electronic Resources
|d Available Online
|t 0
|e Y 4.J 89/2:S.HRG.104-811
|h Superintendent of Documents classification
|
| 998 |
f |
f |
|a Y 4.J 89/2:S.HRG.104-811
|t 0
|l Available Online
|